Normal view
MARC view
Entry Personal Name
001 - CONTROL NUMBER
- control field: 6656
003 - CONTROL NUMBER IDENTIFIER
- control field: OSt
005 - DATE AND TIME OF LATEST TRANSACTION
- control field: 20160202135311.0
008 - FIXED-LENGTH DATA ELEMENTS
- fixed length control field: 160202|| aca||aabn | a|a d
040 ## - CATALOGING SOURCE
- Original cataloging agency: OSt
- Transcribing agency: OSt
100 ## - HEADING--PERSONAL NAME
- Personal name: Accra workshop on GATS.
670 ## - SOURCE DATA FOUND
- Source citation: Work cat.: (OSt): Accra workshop on GATS., The implications Of WTO/GATS for Higher Education in Africa., 2004.
